000
00323nam a2200121Ia 4500
008
191201s2003 xx 000 0 und d
100
_a
TRUSCOTT, William T
245
0
_a
Six Sigma : Continual improvement for Business
260
_a
N.Delhi
_b
Butterwoth H
_c
2003
300
_a
250
650
_a
General Books
942
_2
ddc
_c
BK
999
_c
3365
_d
3365